|
|
|
|
| LEADER |
00000cam a2200000 a 4500 |
| 001 |
vtls001069772 |
| 003 |
SK-MaSNL |
| 005 |
20260301193448.0 |
| 008 |
240226s1992 xo slo |
| 015 |
|
|
|a SNBA1992/12
|
| 020 |
|
|
|a 807127058X
|q (brožované)
|
| 035 |
|
|
|a SNK000012602
|
| 035 |
|
|
|a urn:nbn:sk:snk-amlhog
|
| 035 |
|
|
|a urn:nbn:sk:snk-am00bpfa
|
| 035 |
|
|
|a 08342092-72FD-4CC7-833C-D6D44AEAC893
|
| 040 |
|
|
|a SNK
|b slo
|c SNK
|e AACR2
|
| 041 |
0 |
|
|a slo
|
| 044 |
|
|
|a xo
|c SK
|
| 072 |
|
7 |
|a 57/59
|x Biologické vedy
|2 konspekt
|
| 080 |
|
|
|a 372.859.99(076.5)
|2 1997
|
| 080 |
|
|
|a 572
|2 2011
|
| 080 |
|
|
|a 611/612
|2 2011
|
| 080 |
|
|
|a (075.3)
|2 2011
|
| 080 |
|
|
|a (076.5)
|2 2011
|
| 100 |
1 |
|
|a Uhereková, Mária,
|d 1946-
|4 aut
|4 ill
|9 200289
|
| 245 |
1 |
|
|a Prírodopis 7. Biológia človeka
|b pracovné listy pre žiakov základnej školy
|n 1. časť
|c Mária Uhereková
|
| 250 |
|
|
|a 1. vyd.
|
| 260 |
|
|
|a Bratislava
|b Bradlo
|c 1992
|e Žilina
|f Danubiaprint
|
| 300 |
|
|
|a 56 s.
|c 29 cm
|
| 500 |
|
|
|a Voľné listy v prebale
|
| 504 |
|
|
|a Bibliografia
|
| 650 |
0 |
7 |
|a biológia človeka
|2 SNKPH
|9 2430
|
| 650 |
0 |
7 |
|a antropológia
|2 SNKPH
|9 717
|
| 650 |
0 |
7 |
|a prírodopis
|2 SNKPH
|9 3586
|
| 655 |
|
7 |
|a učebnice základných škôl
|2 SNKPH
|9 70187
|
| 655 |
|
7 |
|a pracovné zošity
|2 SNKPH
|9 70188
|
| 700 |
1 |
|
|a Uhereková, Mária,
|d 1946-
|4 ill
|9 200289
|
| 700 |
1 |
|
|a Kantorová, Eva
|4 ill
|9 572976
|
| 700 |
1 |
|
|a Lukáč, Peter
|4 ill
|9 386090
|
| 958 |
|
|
|a UX
|
| 958 |
|
|
|a TL
|
| 999 |
|
|
|c 877402
|d 879332
|
| 952 |
|
|
|t P60, <04>, [BOOK], {604}
|a SNK
|b SNK
|y VYP
|7 0
|p 17A0146899
|o snkSB 50120/1 D1
|i snkKSP 8906/92
|0 0
|1 0
|4 0
|d 1998-07-03
|l 0
|r 2004-12-31 00:00:00
|w 2026-02-24
|
| 952 |
|
|
|a SNK
|b SNK
|y PREZ
|7 0
|p 17A0804682
|o snkSB 50120/1
|0 0
|1 0
|4 0
|d 2012-07-16
|f 1
|l 0
|r 2025-03-05 00:00:00
|w 2026-02-24
|